• 首页
  • 本馆介绍
  • 公告通知
  • 最新文献
  • 馆藏检索
  • 电子资源
  • 读者导购
  • 参考咨询
  • 我的图书馆
  • 登录
  • 详细信息显示
  • 放入我的书架
  • 预约/预借图书
  • 作者相关作品
  • 分类相关作品
  • 丛书相关作品
  • 出版社相关作品

书目信息

  • 表格格式
  • 工作单格式
  • 卡片格式
书名: Variational methods in theoretical mechanics
作者: J. T. Oden, J. N. Reddy.
分册号:
分册名:
出版地: Berlin ;
 
出版社: Springer-Verlag
出版时间: 1983.
页数: 309 p. ;
开本: 25 cm.
丛书名:
中图分类号:
科图分类号:
其他分类号: O316
主题词:
电子资源:
000 01068nam 2200325 a 4500
001 E0731592252
005 20070506081756.85
008 @1@1 uu
008 @b@b 00010 eng
008 1983
010    @a75045099 //r852
049    @aN5LA
050 0  @aQA808 @b.O3
082    @a531/.01/5157
090    @a2/O33/OJTR////////////867837-/8;2cop.
090    @aO316
096    @aO33 @v2
099    @dO316@ex2=2
100 10 @aOden, J. Tinsley @q(John Tinsley), @d1936-
245 10 @aVariational methods in theoretical mechanics / @cJ. T. Oden, J. N. Reddy.
250    @a2th ed.
260 0  @aBerlin ;@aNew York :@bSpringer-Verlag,@c1983.
300    @a309 p. ;@c25 cm.
490 0  @aUniversitext
504    @aIncludes bibliographical references.
650  0 @aCalculus of variations.
650  0 @aMechanics.
650  0 @aContinuum mechanics.
700 10 @aReddy, J. N. @q(Junuthula Narasimha), @d1945- @b00 @c20020930 @lNLC09 @h2247 @b00 @c20021125 @lNLC09 @h0849 @lNLC09 @h2310 @lNLC09 @h1901
852 9  @bWWJC @cJ08S @k2 @hO33 @iOJTR
    
    Variational methods in theoretical mechanics / / J. T. Oden, J. N. Reddy.-2th ed.-Berlin ; ; New York : : Springer-Verlag, , 1983.
    309 p. ; ; 25 cm.- (Universitext )
    Includes bibliographical references.
    
    ISBN
    
●
相关链接 在E读中查询图书 在五车中查询图书 在当当中查询图书 在豆瓣中查询图书


正题名:Variational methods in theoretical mechanics     索取号:O316/x2=2         预约/预借

序号 登录号 条形码 馆藏地/架位号 状态 备注
1 129512   000452664   第四借阅区/ [索取号:O316/x2=2] 在馆    
2 129513   000452708   第四借阅区/ [索取号:O316/x2=2] 在馆    
3 129514   000452744   第四借阅区/ [索取号:O316/x2=2] 在馆    
4 129515   000452780   第二样本阅览室/ [索取号:O316/x2=2] 在馆    
5 182824   000453191   第四借阅区/ [索取号:O316/x2=2] 在馆    
唐山师范学院图书馆 欢迎您!
大连网信软件有限公司© 版权所有